000 00365pab a2200145 454500
008 180718b1988 xxu||||| |||| 00| 0 eng d
100 _aWineberg, Howard
245 _aFertility of women married once or more than once
260 _c1988
300 _a260-6
362 _aJuly
650 _aBirth Control
773 _aSociology and Social Research
909 _a4492
999 _c4492
_d4492